|
|
|
|
| LEADER |
00000nab a2200000 a 4500 |
| 001 |
vtls010718584 |
| 003 |
SK-MaSNL |
| 005 |
20260426092723.0 |
| 008 |
250709s xo |||||||||||||||||slo| |
| 035 |
|
|
|a (urnnbn)urn:nbn:sk:snk:ar-a04p70
|
| 035 |
|
|
|a (uuid)fdf3fc97-dc6e-4485-a7b3-aee389cda038
|
| 035 |
|
|
|a urn:nbn:sk:snk-ab3k32
|
| 040 |
|
|
|a SNKBUCL
|b slo
|c SNKBUCL
|e AACR2
|
| 041 |
0 |
|
|a slo
|
| 044 |
|
|
|a xo
|c SK
|
| 100 |
1 |
|
|a Predmerský, Vladimír,
|d 1902-1991
|4 aut
|9 206229
|
| 245 |
1 |
0 |
|a Rozvoj špeciálnej pedagogiky najmä na Slovensku
|c Vladimír Predmerský
|
| 650 |
0 |
7 |
|a špeciálna pedagogika
|2 SNKPH
|9 958
|
| 651 |
|
7 |
|a Slovensko
|2 SNKPHgeo
|9 14231
|
| 773 |
0 |
|
|t Otázky defektológie : časopis pre teóriu a prax na školách a v zariadeniach pre mládež vyžadujúcu osobitnú starostlivosť
|g Roč. 15, č. 5 (1972-1973), s. 172-177
|
| 850 |
|
|
|a Slovenská národná knižnica
|
| 852 |
|
|
|a Slovenská národná knižnica
|
| 954 |
|
|
|a odborná, vedecká literatúra pôvodná (slovenská)
|2 lita
|
| 958 |
|
|
|a article1
|
| 958 |
|
|
|a OND
|
| 958 |
|
|
|a EUIPO
|
| 999 |
|
|
|c 3074213
|d 3076143
|